| 000 | 00538cam a22001934a 4500 | ||
|---|---|---|---|
| 005 | 20250605164226.0 | ||
| 008 | 250528s ||||||||||||||||||||||||d | ||
| 035 | _a20851 | ||
| 020 | _a9789606829475 | ||
| 040 |
_aGR-AtMCL _bgre _dGR-AtMCL _eAACR2 |
||
| 245 | 1 | _aΟ Πρίγκηπας Λεμόνης και η όμορφη Κρεμμύδω | |
| 260 |
_bPolaris, _c2015 |
||
| 300 | _a16 | ||
| 520 | _aΠεριέχει CD | ||
| 700 | 1 |
_aΣακελλαρίδης Γιώργος _92651 |
|
| 942 | _cBK | ||
| 999 |
_c5933 _d5933 |
||